| 000 | 00468nam a2200181Ia 4500 | ||
|---|---|---|---|
| 003 | SGT | ||
| 020 | _a9788177587654 | ||
| 082 |
_a6.6 _bHEA |
||
| 100 | _aHearn, Donald | ||
| 245 | _aComputer graphics C Version | ||
| 250 | _a2nd . Ed. | ||
| 260 |
_bPearson _aN.Delhi _c2009 |
||
| 300 | _a660p. | ||
| 650 | _aCOMPUTER SCIENCE | ||
| 653 | _aA SURVEY OF COMPUTER, OVERVIEW OF GRAPHICS SYSTEMS, OUT PUT PRIMITIVES | ||
| 700 | _aBanker,M.Pauline | ||
| 942 |
_2ddc _cBK _07 |
||
| 999 |
_c5756 _d5756 |
||